000 00645nam a2200229 a 4500
999 _c5728
_d5728
001 5728
003 BD-JhCC
005 20171220164803.0
008 171220s2007 bg |||| || | 000 0 eng d
035 _a(BD-JhCC)5728
040 _aBD-JhCC
_dBD-JhCC
041 _aeng
082 _a428
_bFAR 2007
100 _aFaruk, Syed Md Golam
245 _aEnglish Grammar & Composition Second Paper For Classes XI-XII /
_cFaruk, Syed Md Golam and Md Zulfequr Haider
260 _aDhaka :
_bNCTB,
_c2007.
300 _a495 p. :
_c24 cm.
650 _aEnglish Language
_xGrammar
700 _aHaider, Md Zulfequr
942 _2ddc
_cBK